00678nam a2200241Ia 450000500170000000800410001702000150005804100080007308200080008110000190008924500850010825000110019326000110020426000330021530000080024865000150025665000120027165000210028394200070030401000100031195200960032199900190041720250425162130.0250425s9999 xx 000 0 und d a9681846370 aspa a540 aHOLUM, JOHN R. 0aFUNDAMENTOS DE QUIMICA GENERAL, ORGANICA Y BIOQUIMICA: PARA CIENCIAS DE LA SALUD a1A ED. aMEXICO aMéxicobLIMUSA WILEYc2000 a865 aBIOQUIMICA aQUIMICA aQUIMICA ORGANICA c01 a51920 00104070aCIBbCIBc540105Ad2004-08-12g24.00i0000000000000000010824l0pD-32320t1y01 c222964d222964